| 000 | 00520nam a2200169 i 4500 | ||
|---|---|---|---|
| 001 | 43592 | ||
| 003 | ES-MaACL | ||
| 005 | 20230906160833.0 | ||
| 007 | t| | ||
| 008 | 030318s1969 sp |||| | spa d | ||
| 245 | 0 | 0 | _aCatálogo de empresas del Sindicato de la Pesca. |
| 260 |
_a[Madrid] : _bServicio Sindical de Estadística, _c[1969] |
||
| 300 |
_a2 v. ; _c24 cm. |
||
| 650 | 4 |
_aIndustria pesquera- _zEspaña. _9156860 |
|
| 710 | 2 |
_aServicio Sindical de Estadística (España) _9164510 |
|
| 852 |
_aES-MaACL _jC-42356-57 |
||
| 999 |
_c43592 _d43592 |
||